Podmínky pro investování v Československu.

V r. 1985 prijala vláda uznesenie o možnosti zakladania spoločných podnikov i s firmami z nesocialistických štátov. Zákony z r. 1988 k právnej úprave spoločného podnikania. Charakteristika zmien. Postup pri vytváraní spoločného podniku podľa súčasnej právnej úpravy. Hlavné princípy hospodárskej činn...

Description complète

Enregistré dans:
Détails bibliographiques
Auteur principal: Čermák, P.
Format: Chapitre de livre
Langue:tchèque
Sujets:
Tags: Ajouter un tag
Pas de tags, Soyez le premier à ajouter un tag!

MARC

LEADER 00000naa a2200000 4500
001 r004150
005 20221125080650.7
041 0 |a cze 
044 |a [CS] 
245 1 0 |a Podmínky pro investování v Československu.  |c P. Čermák 
520 |a V r. 1985 prijala vláda uznesenie o možnosti zakladania spoločných podnikov i s firmami z nesocialistických štátov. Zákony z r. 1988 k právnej úprave spoločného podnikania. Charakteristika zmien. Postup pri vytváraní spoločného podniku podľa súčasnej právnej úpravy. Hlavné princípy hospodárskej činnosti podnikov so zahraničnou majetkovou účasťou. 
610 2 0 |a podnik spoločný 
610 2 0 |a ČSFR 
610 2 0 |a predpisy právne 
610 2 0 |a investície zahraničné 
610 2 0 |a spolupráca podnikov 
100 1 |a Čermák, P.